Top 10 des Noms d'établissements publics les plus données en France - Statistiques

Statistiques générales
  • Ce quiz a été pris 36 fois
  • Le résultat moyen est 3 sur 10
Statistiques - réponses
Nombres Noms % Correct
365 Victor Hugo
71%
642 Jules Ferry
53%
377 Sainte Marie
53%
429 Jean Jaurès
41%
418 Antoine de saint Exupéry
24%
880 Saint Joseph
24%
434 Jean Moulin
21%
546 Notre dame
18%
472 Jacques Prévert
12%
423 Jeanne d'arc
12%
Aucun quiz correspondant
Distribution des résultats
% des personnes avec chaque résultat
Percentile par nombre de réponses
Votre historique - résultats
Vous n’avez pas pris ce quiz